01107nam0a22002051 4500001001100000005001700011035002600028100004100054101000800095102000700103105001800110200034400128210003200472215002000504300003400524712027800558801001800836801002200854852002500876rc\298639520250806211632.0 a(NLR Aleph) 007130865 a20110912d1943 u y0rusy50 ca0 arus aRU ay j |||||1 aУчебный план и программы для производственного обучения скотниковe(Без отрыва от производства)eУтв. ГУУЗ и НИУ НКСХ СССРfНКСХ СССР. Гл. упр. учеб. заведений и науч.-исслед. учреждений aМоскваcБ. и.d1943 a10 с.d20 см aБез обл. и тит. л.01aСССРbНародный комиссариат зерновых и животноводческих совхозовbГлавное управление учебных заведений и научно-исследовательских учреждений4570 0aRUbNLRgpsbo 1aRUbELAR2rusmarc aNLRbСj90 Г-4/213